| 000 | 01219nam a2200337 c 4500 | ||
|---|---|---|---|
| 003 | BLK | ||
| 005 | 20231111115113.0 | ||
| 008 | 180409b bul|||||r ||||||| ||bul|| | ||
| 010 | _aKNG00108522000 | ||
| 020 |
_a954-769-055-8 _bиздат.: Обсидиан |
||
| 040 | _aBLK | ||
| 041 |
_aBUL _cBUL |
||
| 080 |
_aБразилска литература _b821.134.3(81) _x-31 _z821.134.3(81)-31 |
||
| 100 | 1 |
_aКоелю, Паулу _eпърви автор _980439 |
|
| 700 | 1 |
_aПетрова, Даниела _eпрев. _9366318 |
|
| 139 |
_aКоелю, Паулу _bК 73 |
||
| 245 | 1 | 0 |
_aЕдинайсет минути _bРоман _cПаулу Коелю; прев. Даниела Петрова. |
| 257 | _aBRA | ||
| 260 |
_аСофия _bОбсидиан _c2003 _fСофия : Балканпрес |
||
| 300 |
_a270 с. _c20 см |
||
| 380 | _aX | ||
| 490 | 1 | _aБиблиотека Паулу Коелю | |
| 500 | _aОриг. загл. Onze minutos / Paulo Coelho. | ||
| 653 | _aромани | ||
| 852 | _aЦб 216425 | ||
| 856 | 4 |
_qpdf _u |
|
| 856 | 4 |
_qpdf _u |
|
| 942 |
_cKNG _n0 _014 |
||
| 944 |
_aCR _c23.10.2003 _lМинев Младен _k30530 |
||
| 944 |
_aED _c27.03.2013 _lф / _k |
||
| 999 |
_c103448 _d103448 |
||